Quantitative methods in geographical research (Record no. 23872)
[ view plain ]
| 000 -LEADER | |
|---|---|
| fixed length control field | 00812nam a22002057a 4500 |
| 003 - CONTROL NUMBER IDENTIFIER | |
| control field | CUTN |
| 005 - DATE AND TIME OF LATEST TRANSACTION | |
| control field | 20171115125143.0 |
| 008 - FIXED-LENGTH DATA ELEMENTS--GENERAL INFORMATION | |
| fixed length control field | 171115b xxu||||| |||| 00| 0 eng d |
| 020 ## - INTERNATIONAL STANDARD BOOK NUMBER | |
| International Standard Book Number | 8170226961 |
| 020 ## - INTERNATIONAL STANDARD BOOK NUMBER | |
| International Standard Book Number | 9788170226963 |
| 082 ## - DEWEY DECIMAL CLASSIFICATION NUMBER | |
| Classification number | 910 |
| Item number | KHA |
| 100 ## - MAIN ENTRY--PERSONAL NAME | |
| Personal name | Najma, Khan |
| 245 ## - TITLE STATEMENT | |
| Title | Quantitative methods in geographical research |
| 260 ## - PUBLICATION, DISTRIBUTION, ETC. (IMPRINT) | |
| Place of publication, distribution, etc | New Delhi : |
| Name of publisher, distributor, etc | Concept Publishing Company |
| Date of publication, distribution, etc | 2003 |
| 300 ## - PHYSICAL DESCRIPTION | |
| Extent | v, 136 p. |
| 505 ## - FORMATTED CONTENTS NOTE | |
| Contents | 1. Definition, Objectives and fields of statistics<br/>2. Measures of Central Tendency<br/>3. Quantification in major fields of Geography<br/>4. Sampling Techniques<br/>5. Measure of Inequality and relationships<br/>6. Sources of statistics and statistical organization |
| 650 ## - SUBJECT ADDED ENTRY--TOPICAL TERM | |
| Topical term or geographic name as entry element | Social sciences--Statistical methods |
| 650 ## - SUBJECT ADDED ENTRY--TOPICAL TERM | |
| Topical term or geographic name as entry element | Geography--Statistical methods |
| 942 ## - ADDED ENTRY ELEMENTS (KOHA) | |
| Source of classification or shelving scheme | Dewey Decimal Classification |
| Koha item type | General Books |
| Withdrawn status | Lost status | Source of classification or shelving scheme | Damaged status | Not for loan | Collection code | Home library | Location | Shelving location | Date of Cataloging | Total Checkouts | Full call number | Barcode | Date last seen | Price effective from | Koha item type | Total Renewals | Date checked out |
|---|---|---|---|---|---|---|---|---|---|---|---|---|---|---|---|---|---|
| Dewey Decimal Classification | Non-fiction | CUTN Central Library | CUTN Central Library | History & Geography | 15/11/2017 | 910 KHA | 27824 | 15/11/2017 | 15/11/2017 | General Books | |||||||
| Dewey Decimal Classification | Non-fiction | CUTN Central Library | CUTN Central Library | History & Geography | 15/11/2017 | 1 | 910 KHA | 27825 | 06/01/2022 | 15/11/2017 | General Books | 2 | 17/12/2021 | ||||
| Dewey Decimal Classification | Non-fiction | CUTN Central Library | CUTN Central Library | History & Geography | 15/11/2017 | 1 | 910 KHA | 27826 | 03/03/2020 | 15/11/2017 | General Books | 01/02/2020 | |||||
| Dewey Decimal Classification | Non-fiction | CUTN Central Library | CUTN Central Library | History & Geography | 15/11/2017 | 3 | 910 KHA | 27827 | 11/08/2022 | 15/11/2017 | General Books | 2 | 06/07/2022 |
